Informačné zobrazenie vlastného imania v obchodnej spoločnosti dizertačná práca

Salvato in:
Dettagli Bibliografici
Autore principale: Mateášová, Martina, 1979-
Ente Autore: Ekonomická univerzita v Bratislave. Fakulta hospodárskej informatiky
Altri autori: Máziková, Katarína
Natura: Libro
Lingua:slovacco
Pubblicazione: Bratislava 2010
Soggetti:
Tags: Aggiungi Tag
Nessun Tag, puoi essere il primo ad aggiungerne!!

MARC

LEADER 00000nam a2200000 4500
001 0124805
005 20240502072420.9
041 0 |a slo 
044 |a SK 
245 1 0 |a Informačné zobrazenie vlastného imania v obchodnej spoločnosti  |b dizertačná práca  |c Martina Mateášová ; škol. Katarína Máziková 
264 1 |a Bratislava  |c 2010 
300 |a 157 s. 
610 2 0 |a imanie vlastné 
610 2 0 |a oceňovanie 
610 2 0 |a účtovníctvo 
610 2 0 |a štandardy účtovné medzinárodné 
610 2 0 |a spoločnosti obchodné 
100 1 |a Mateášová, Martina, 1979- 
700 1 |a Máziková, Katarína 
710 2 |a Ekonomická univerzita v Bratislave. Fakulta hospodárskej informatiky